Waffenrechtliche Begutachtungspraxis in der Schweiz

Gespeichert in:  
Bibliographische Detailangaben
1. VerfasserIn: Alkan-Mewes, Kenan (Verfasst von)
Medienart: Druck Aufsatz
Sprache:Deutsch
Veröffentlicht: 2013
In: Kriminalistik
Jahr: 2013, Band: 67, Heft: 11, Seiten: 716-719
Verfügbarkeit prüfen: HBZ Gateway

MARC

LEADER 00000caa a2200000 c 4500
001 1634334930
003 DE-627
005 20220608100203.0
007 tu
008 131126s2013 xx ||||| 00| ||ger c
035 |a (DE-627)1634334930 
035 |a (DE-576)397989172 
035 |a (DE-599)BSZ397989172 
040 |a DE-627  |b ger  |c DE-627  |e rakwb 
041 |a ger 
100 1 |a Alkan-Mewes, Kenan  |0 (DE-627)1394990537  |0 (DE-576)324990537  |4 aut 
109 |a Alkan-Mewes, Kenan  |a Mewes, Kenan Alkan- 
245 1 0 |a Waffenrechtliche Begutachtungspraxis in der Schweiz  |c von Kenan Alkan-Mewes 
264 1 |c 2013 
336 |a Text  |b txt  |2 rdacontent 
337 |a ohne Hilfsmittel zu benutzen  |b n  |2 rdamedia 
338 |a Band  |b nc  |2 rdacarrier 
773 0 8 |i In  |t Kriminalistik  |d Heidelberg : C.F. Müller GmbH, Kriminalistik, 1949  |g 67(2013), 11, Seite 716-719  |w (DE-627)129489522  |w (DE-600)205902-2  |w (DE-576)014883163  |x 0023-4699  |7 nnas 
773 1 8 |g volume:67  |g year:2013  |g number:11  |g pages:716-719 
935 |a mkri 
951 |a AR 
ELC |b 1 
LOK |0 000 xxxxxcx a22 zn 4500 
LOK |0 001 3289227626 
LOK |0 003 DE-627 
LOK |0 004 1634334930 
LOK |0 005 20250929134456 
LOK |0 008 160208||||||||||||||||ger||||||| 
LOK |0 040   |a DE-21-110  |c DE-627  |d DE-21-110 
LOK |0 852   |a DE-21-110 
LOK |0 852 1  |m p  |9 00 
LOK |0 935   |a k110 
LOK |0 938   |k p 
LOK |0 939   |a 08-02-16  |b l01 
ORI |a SA-MARC-krimdoka001.raw